Alle Spieler von Hoffenheim seit 07/08 - Statistiken

Allgemein
  • Dieses Quiz wurde 39 mal gespielt
  • Das Durchschnittsergebnis liegt bei 59 aus 212
Antwortstatistiken
TSG 1899 Hoffenheim % Korrekt
Demba Ba
100%
Oliver Baumann
93%
Andrej Kramaric
90%
Sebastian Rudy
90%
Vedad Ibisevic
90%
Andreas Beck
80%
Ozan Kabak
80%
Chinedu Obasi
77%
Sejad Salihovic
77%
Niklas Süle
70%
Roberto Firmino
70%
Fisnik Asllani
63%
Marvin Compper
60%
Tom Bischof
60%
Carlos Eduardo
57%
David Alaba
57%
David Raum
57%
Dennis Geiger
57%
Kevin Vogt
57%
Mark Uth
57%
Pavel Kaderabek
57%
Wouter Burger
57%
Grischa Prömel
53%
Kevin Kuranyi
53%
Tim Lemperle
53%
Timo Hildebrand
53%
Tobias Weis
53%
Joelinton
50%
Kerem Demirbay
50%
Luiz Gustavo
50%
Robin Hranac
50%
Tim Wiese
50%
Wout Weghorst
50%
Christoph Baumgartner
47%
Kevin Akpoguma
47%
Kevin Volland
47%
Tom Starke
47%
Vincenzo Grifo
47%
Adam Hlozek
43%
Anton Stach
43%
Ihlas Bebou
43%
Maximilian Beier
43%
Nadiem Amiri
43%
Nico Schulz
43%
Serge Gnabry
43%
Vladimir Coufal
43%
Alexander Prass
40%
Angelino
40%
Anthony Modeste
40%
Edson Braafheid
40%
Florian Grillitsch
40%
Georginio Rutter
40%
Jannik Vestergaard
40%
Jens Grahl
40%
Koen Casteels
40%
Luca Philipp
40%
Ryan Babel
40%
Sandro Wagner
40%
Sven Schipplock
40%
David Jurasek
37%
Ishak Belfodil
37%
Jacob Bruun Larsen
37%
Jonathan Schmid
37%
Max Moerstedt
37%
Muhammed Damar
37%
Munas Dabbur
37%
Stanley Nsoki
37%
Stefan Posch
37%
Andreas Ibertsberger
33%
Arthur Chaves
33%
Bazoumana Toure
33%
Benjamin Hübner
33%
Eugen Polanski
33%
Havard Nordtveit
33%
Kasper Dolberg
33%
Leon Avdullahu
33%
Matthias Jaissle
33%
Matthieu Delpierre
33%
Peniel Mlapa
33%
Robert Skov
33%
Ryan Sessegnon
33%
Steven Zuber
33%
Umut Tohumcu
33%
Adam Szalai
30%
Attila Szalai
30%
Bernardo
30%
David Abraham
30%
Diadie Samassekou
30%
Eduardo Vargas
30%
Ermin Bicakcic
30%
Gregor Kobel
30%
Haris Tabakovic
30%
Jeremy Toljan
30%
John Brooks
30%
Josip Simunic
30%
Marco John
30%
Marius Bülter
30%
Mergim Berisha
30%
Pirmin Schwegler
30%
Reiss Nelson
30%
Angelo Stiller
27%
Fabian Johnson
27%
Jin-Su Kim
27%
Joselu
27%
Kasim Adams
27%
Thomas Delaney
27%
Albian Hajdari
23%
Danny Williams
23%
Gylfi Sigurdsson
23%
Isaac Vorsah
23%
Justin Hoogma
23%
Leonardo Bittencourt
23%
Mijat Gacinovic
23%
Ramazan Özcan
23%
Srdjan Lakic
23%
Takashi Usami
23%
Valentin Gendrey
23%
Alexander Stolz
20%
Boris Vukcevic
20%
Chris Richards
20%
Daniel Haas
20%
David Otto
20%
Dominik Kaiser
20%
Fabian Schär
20%
Felix Passlack
20%
Finn Becker
20%
Francisco Copado
20%
Leo Ostigard
20%
Patrick Ochs
20%
Philipp Ochs
20%
Selim Teber
20%
Steffen Haas
20%
Andreas Mayer
17%
Boubacar Sanogo
17%
Eren Derdiyok
17%
Gift Orban
17%
Joao Klauss
17%
Koki Machida
17%
Konstantinos Stafylidis
17%
Marco Terrazzino
17%
Sargis Adamyan
17%
Tarik Elyounoussi
17%
Tim Drexler
17%
Tobias Strobl
17%
Christian Eichner
13%
David Mokwa
13%
Franco Zuculini
13%
Jiloan Hamad
13%
Kai Herdling
13%
Maicosuel
13%
Melayro Bogarde
13%
Philipp Pentke
13%
Robert Zulj
13%
Wellington
13%
Bambase Conte
10%
Christoph Janker
10%
Erencan Yardimci
10%
Hennes Behrens
10%
Heurelho Gomes
10%
Igor De Camargo
10%
Joshua Brenet
10%
Lukas Rupp
10%
Manuel Gulde
10%
Pascal Groß
10%
Prince Tagoe
10%
Stephan Schröck
10%
Zsolt Löw
10%
Florian Micheler
7%
Justin Che
7%
Kenan Karaman
7%
Knowledge Musona
7%
Lucas Ribeiro
7%
Nick Proschwitz
7%
Per Nilsson
7%
Stefan Thesker
7%
Alexander Rossipal
3%
Alfonso Amade
3%
Andreas Ludwig
3%
Denis Bindnagel
3%
Denis Streker
3%
Dragan Paljic
3%
Eduardo Quaresma
3%
Joe Gyau
3%
Johannes Bühler
3%
Julian Justvan
3%
Jürgen Locadia
3%
Luca Erlein
3%
Luis Advincula
3%
Meris Skenderovic
3%
Patrick Schorr
3%
Paul Hennrich
3%
Radek Spilacek
3%
Robin Hack
3%
Robin Szarka
3%
Sandro Wieser
3%
Simon Lorenz
3%
Thorsten Kirschbaum
3%
Adam Jabiri
0%
Baris Atik
0%
Bruno Nazario
0%
Denis Thomalla
0%
Fabricio
0%
Ilay Elmkies
0%
Jochen Seitz
0%
Joshua Quarshie
0%
Jukka Raitala
0%
Kai Hesse
0%
Marcel Throm
0%
Matthias Keller
0%
Mirnes Mesic
0%
Pelle Jensen
0%
Russell Canouse
0%
Keine übereinstimmenden Quizze gefunden
Verteilung der Resultate
Anzahl Personen mit jedem Resultat
Perzentil nach korrekt beantworteten Fragen
Ihre Resultats-Entwicklung
Sie haben dieses Quiz noch nicht gespielt